| 000 | 00622nam a2200253 a 4500 | ||
|---|---|---|---|
| 001 | nice12345678 | ||
| 003 | IN_TiNIC | ||
| 005 | 20260116013228.0 | ||
| 008 | 050524s1997 dela grp 000 0 eng | ||
| 020 |
_a8120822 _c95 |
||
| 082 | 0 | 0 |
_a294.361 _bPIB |
| 100 | _aPiburn, Sidney | ||
| 245 |
_aDalai Lama _b a Policy of Kindness |
||
| 260 |
_aDelhi _bMotilal Banarsidass _c1997 |
||
| 300 | _a136p | ||
| 500 | _aincludes index and biblioraphy | ||
| 505 | 2 | _aBibliography | |
| 650 | _aBuddhism | ||
| 650 | _aDalai Lama | ||
| 700 | 1 | _aPiburn, Sidney | |
| 902 | _bSRS | ||
| 942 | _cBK | ||
| 999 |
_c10201 _d10201 |
||